Normal view
MARC view
Entry Topical Term
001 - CONTROL NUMBER
- control field: 29093
003 - CONTROL NUMBER IDENTIFIER
- control field: ARRUPE
005 - DATE AND TIME OF LATEST TRANSACTION
- control field: 20170228083934.0
008 - FIXED-LENGTH DATA ELEMENTS
- fixed length control field: 170228|| aca||aabn | a|a d
040 ## - CATALOGING SOURCE
- Original cataloging agency: ARRUPE
- Transcribing agency: ARRUPE
150 ## - HEADING--TOPICAL TERM
- Topical term or geographic name as entry element: Psychology, Religious
670 ## - SOURCE DATA FOUND
- Source citation: Work cat.: (ARRUPE)16047: James, William 29089, The Varieties of religious experience